[Event "Hampshire Open"]
[Site "Eastleigh"]
[Date "2000.11.10"]
[Round "1"]
[White "Wilkinson, John R"]
[Black "Stuart, Graham B"]
[Result "1/2-1/2"]
[WhiteElo "1936"]
[BlackElo "1736"]
[PlyCount "48"]
[EventDate "2000.11.10"]
[EventType "swiss"]
[EventRounds "6"]
[EventCountry "ENG"]
[SourceTitle "BritBase"]
[Source "John Saunders"]
[SourceDate "2025.02.12"]
[SourceVersion "1"]
[SourceVersionDate "2025.02.12"]
[SourceQuality "1"]

1. d4 Nf6 2. c4 g6 3. g3 Bg7 4. Bg2 O-O 5. Nc3 d6 6. Nf3 Nc6 7. O-O e5 8. d5 Ne7 9. e4 Nd7 10. b4 f5 11. Ng5 Nf6 12. Ne6 Bxe6 13. dxe6 c6 14. b5 fxe4 15. bxc6 bxc6 16. Nxe4 Nxe4 17. Bxe4 d5 18. cxd5 cxd5 19. Bg2 Qd6 20. a4 Qxe6 21. Ba3 Rad8 22. Bxe7 Qxe7 23. Bxd5+ Kh8 24. Qb3 Qc5 1/2-1/2

[Event "Hampshire Open"]
[Site "Eastleigh"]
[Date "2000.11.10"]
[Round "1"]
[White "McLeod, Fraser"]
[Black "Sherwin, James T"]
[Result "0-1"]
[WhiteElo "1880"]
[BlackElo "2264"]
[PlyCount "76"]
[EventDate "2000.11.10"]
[EventType "swiss"]
[EventRounds "6"]
[EventCountry "ENG"]
[SourceTitle "BritBase"]
[Source "John Saunders"]
[SourceDate "2025.02.12"]
[SourceVersion "1"]
[SourceVersionDate "2025.02.12"]
[SourceQuality "1"]

1. d4 Nf6 2. c4 g6 3. Nc3 Bg7 4. e4 d6 5. f3 O-O 6. Bg5 c5 7. d5 e6 8. Qd2 exd5 9. cxd5 Re8 10. Nge2 Na6 11. Ng3 Bd7 12. Be2 Nc7 13. a4 a6 14. a5 Nb5 15. Nxb5 Bxb5 16. O-O Bxe2 17. Nxe2 Rb8 18. b4 cxb4 19. Qxb4 Nxd5 20. Qd2 Bf6 21. Bxf6 Nxf6 22. Rfd1 d5 23. exd5 Qxd5 24. Qc3 Qg5 25. Ng3 Rbc8 26. Qb2 h5 27. Rd6 Qc5+ 28. Qd4 Qxd4+ 29. Rxd4 Re5 30. Rb4 Rc2 31. Rxb7 h4 32. Nf1 Ree2 33. g3 h3 34. Rb6 Nh5 35. Rxa6 Rg2+ 36. Kh1 Rxh2+ 37. Nxh2 Nxg3+ 38. Kg1 Rg2# 0-1

[Event "Hampshire Open"]
[Site "Eastleigh"]
[Date "2000.11.11"]
[Round "2"]
[White "Stuart, Graham B"]
[Black "Fraser-Mitchell, Jeremy N"]
[Result "0-1"]
[WhiteElo "1736"]
[BlackElo "1960"]
[PlyCount "76"]
[EventDate "2000.11.10"]
[EventType "swiss"]
[EventRounds "6"]
[EventCountry "ENG"]
[SourceTitle "BritBase"]
[Source "John Saunders"]
[SourceDate "2025.02.12"]
[SourceVersion "1"]
[SourceVersionDate "2025.02.12"]
[SourceQuality "1"]

1. e4 e6 2. d4 d5 3. Nc3 Bb4 4. e5 Qd7 5. Bd2 b6 6. Qg4 f5 7. Qg3 Ba6 8. Bxa6 Nxa6 9. Qd3 Nb8 10. a3 Bf8 11. Nge2 Nc6 12. O-O Nge7 13. b4 h6 14. f4 g6 15. Nb5 Bg7 16. c4 dxc4 17. Qxc4 O-O 18. Rac1 Rac8 19. Rfd1 a6 20. Nbc3 b5 21. Qc5 Rfd8 22. Be3 Bf8 23. Nb1 Nb8 24. Qc3 Nd5 25. Qd3 Nc6 26. Nbc3 Nce7 27. Nxd5 Nxd5 28. Nc3 Nb6 29. Bf2 Be7 30. Qg3 Kh7 31. h4 c6 32. Qf3 Nc4 33. g4 Rg8 34. g5 h5 35. Ne2 Qd5 36. Qxd5 cxd5 37. Rc3 a5 38. bxa5 Bxa3 0-1

[Event "Hampshire Open"]
[Site "Eastleigh"]
[Date "2000.11.11"]
[Round "3"]
[White "Yeo, Michael J"]
[Black "Sherwin, James T"]
[Result "0-1"]
[WhiteElo "2120"]
[BlackElo "2264"]
[PlyCount "80"]
[EventDate "2000.11.10"]
[EventType "swiss"]
[EventRounds "6"]
[EventCountry "ENG"]
[SourceTitle "BritBase"]
[Source "John Saunders"]
[SourceDate "2025.02.12"]
[SourceVersion "1"]
[SourceVersionDate "2025.02.12"]
[SourceQuality "1"]

1. e4 c5 2. Nf3 Nc6 3. d4 cxd4 4. Nxd4 Qb6 5. Nb5 a6 6. Be3 Qd8 7. N5c3 e6 8. g3 Nf6 9. Bg2 Be7 10. f4 O-O 11. e5 Ne8 12. Nd2 d5 13. exd6 Nxd6 14. O-O Qc7 15. Nce4 Nf5 16. Bf2 Rd8 17. c3 b5 18. Qe2 Rb8 19. g4 Nd6 20. Nxd6 Bxd6 21. Bh4 Bxf4 22. Bxd8 Bxh2+ 23. Kh1 Nxd8 24. Rad1 Bd6 25. Ne4 Be7 26. g5 Bb7 27. Qh5 g6 28. Qg4 Bxe4 29. Bxe4 Qe5 30. Rg1 Rc8 31. Rd7 Bxg5 32. Qxg5 Qxe4+ 33. Kh2 Nc6 34. Rgd1 Ne5 35. Qe7 Qe2+ 36. Kh1 Qf3+ 37. Kg1 Qg3+ 38. Kf1 Qf4+ 39. Kg2 Qf3+ 40. Kg1 Nxd7 0-1

[Event "Hampshire Open"]
[Site "Eastleigh"]
[Date "2000.11.12"]
[Round "5"]
[White "Buckley, Martin GS"]
[Black "Tello, Yasser"]
[Result "0-1"]
[WhiteElo "1704"]
[BlackElo "1936"]
[PlyCount "87"]
[EventDate "2000.11.10"]
[EventType "swiss"]
[EventRounds "6"]
[EventCountry "ENG"]
[SourceTitle "BritBase"]
[Source "John Saunders"]
[SourceDate "2025.02.12"]
[SourceVersion "1"]
[SourceVersionDate "2025.02.12"]
[SourceQuality "1"]

1. c4 g6 2. Nc3 Bg7 3. g3 d6 4. Bg2 c5 5. e4 Nc6 6. Nge2 e6 7. O-O Nge7 8. Rb1 Nd4 9. a3 Nec6 10. d3 O-O 11. b4 a6 12. Be3 Nxe2+ 13. Nxe2 Nd4 14. Qd2 Rb8 15. Nxd4 cxd4 16. Bh6 e5 17. Bxg7 Kxg7 18. f4 f6 19. b5 axb5 20. Rxb5 Bd7 21. Rb4 Qa5 22. Qb2 Bc6 23. Bh3 Rfe8 24. g4 Rf8 25. g5 fxg5 26. fxg5 Rxf1+ 27. Kxf1 Rf8+ 28. Kg2 Qd8 29. Qd2 Rf4 30. Rb2 Qxg5+ 31. Kh1 b5 32. cxb5 Bxb5 33. Qe1 Rxe4 34. Qxe4 Qc1+ 35. Kg2 Bc6 36. Qxc6 Qxc6+ 37. Kf2 Qc1 38. Rb7+ Kh6 39. Bf1 Qxa3 40. Re7 Qb4 41. Re6 Qd2+ 42. Be2 d5 43. Kf1 Qc1+ 44. Kf2 0-1

[Event "Hampshire Open"]
[Site "Eastleigh"]
[Date "2000.11.12"]
[Round "5"]
[White "Fraser-Mitchell, Jeremy N"]
[Black "Sherwin, James T"]
[Result "0-1"]
[WhiteElo "1960"]
[BlackElo "2264"]
[PlyCount "49"]
[EventDate "2000.11.10"]
[EventType "swiss"]
[EventRounds "6"]
[EventCountry "ENG"]
[SourceTitle "BritBase"]
[Source "John Saunders"]
[SourceDate "2025.02.12"]
[SourceVersion "1"]
[SourceVersionDate "2025.02.12"]
[SourceQuality "1"]

1. d4 d5 2. c4 dxc4 3. Nf3 Nf6 4. Nc3 a6 5. e4 b5 6. e5 Nd5 7. a4 e6 8. axb5 Nb6 9. Be2 Bb7 10. O-O axb5 11. Rxa8 Bxa8 12. Nxb5 Be7 13. Be3 O-O 14. Nc3 Nc6 15. Qd2 Qd7 16. Rd1 Nb4 17. Bg5 Rb8 18. Bxe7 Qxe7 19. h3 h6 20. Qf4 N4d5 21. Qc1 Nxc3 22. bxc3 Bd5 23. Nd2 Ra8 24. f4 Ra2 25. Bf3 0-1

[Event "Hampshire Open"]
[Site "Eastleigh"]
[Date "2000.11.12"]
[Round "5"]
[White "McKeown, Paul"]
[Black "Tunks, Dominic R"]
[Result "0-1"]
[WhiteElo "1888"]
[BlackElo "2120"]
[PlyCount "62"]
[EventDate "2000.11.10"]
[EventType "swiss"]
[EventRounds "6"]
[EventCountry "ENG"]
[SourceTitle "BritBase"]
[Source "John Saunders"]
[SourceDate "2025.02.12"]
[SourceVersion "1"]
[SourceVersionDate "2025.02.12"]
[SourceQuality "1"]

1. b3 e5 2. Bb2 d6 3. e3 Nf6 4. d4 exd4 5. exd4 Bg4 6. Nf3 Qe7+ 7. Qe2 Bxf3 8. gxf3 Qxe2+ 9. Bxe2 d5 10. Nc3 Bd6 11. Nd1 O-O 12. Ne3 Nc6 13. O-O-O Ne7 14. Bd3 Nh5 15. Nf5 Nxf5 16. Bxf5 Nf4 17. c4 Rfe8 18. c5 Bf8 19. Rde1 g6 20. Bc2 Bg7 21. Kd2 Bh6 22. b4 b5 23. cxb6 axb6 24. Bb3 c5 25. bxc5 bxc5 26. a4 Rxe1 27. Rxe1 Rb8 28. Kc2 Rb4 29. Ba2 Rxb2+ 30. Kxb2 Nd3+ 31. Kc3 Nxe1 0-1

[Event "Hampshire Open"]
[Site "Eastleigh"]
[Date "2000.11.12"]
[Round "5"]
[White "Smith, Andrew D"]
[Black "Partington, Anna G"]
[Result "1-0"]
[WhiteElo "1736"]
[BlackElo "1712"]
[PlyCount "63"]
[EventDate "2000.11.10"]
[EventType "swiss"]
[EventRounds "6"]
[EventCountry "ENG"]
[SourceTitle "BritBase"]
[Source "John Saunders"]
[SourceDate "2025.02.12"]
[SourceVersion "1"]
[SourceVersionDate "2025.02.12"]
[SourceQuality "1"]

1. e4 Nc6 2. Nf3 d6 3. d4 g6 4. Be3 Bg7 5. c3 Bd7 6. Bc4 e6 7. O-O Nge7 8. Re1 b6 9. Nbd2 Na5 10. Bf1 O-O 11. Rc1 d5 12. e5 Qe8 13. c4 c6 14. b4 Nb7 15. c5 b5 16. Bd3 a5 17. a3 a4 18. Nf1 Nd8 19. Qd2 Nf5 20. Bg5 Ra7 21. g4 Ne7 22. Bf6 h6 23. h4 Kh7 24. h5 Ng8 25. Nh4 Bxf6 26. exf6 Nxf6 27. hxg6+ Kg7 28. g5 Ng8 29. Ng3 hxg5 30. Qxg5 Qe7 31. Nh5+ Kh8 32. g7# 1-0

[Event "Hampshire Open"]
[Site "Eastleigh"]
[Date "2000.11.12"]
[Round "5"]
[White "Stenhouse, Iain"]
[Black "Stuart, Graham B"]
[Result "1/2-1/2"]
[WhiteElo "1742"]
[BlackElo "1736"]
[PlyCount "39"]
[EventDate "2000.11.10"]
[EventType "swiss"]
[EventRounds "6"]
[EventCountry "ENG"]
[SourceTitle "BritBase"]
[Source "John Saunders"]
[SourceDate "2025.02.12"]
[SourceVersion "1"]
[SourceVersionDate "2025.02.12"]
[SourceQuality "1"]

1. d4 Nf6 2. Bg5 Ne4 3. Bf4 d5 4. Nd2 Nxd2 5. Qxd2 Nc6 6. e3 Bf5 7. c3 a6 8. Nf3 e6 9. Be2 Bd6 10. Bxd6 Qxd6 11. O-O O-O 12. Nh4 Ne7 13. c4 h6 14. Nxf5 Nxf5 15. cxd5 exd5 16. Rac1 c6 17. g3 Rfe8 18. Bd3 Qe6 19. Qd1 Nd6 20. Qf3 1/2-1/2

[Event "Hampshire Open"]
[Site "Eastleigh"]
[Date "2000.11.12"]
[Round "5"]
[White "Yeo, Michael J"]
[Black "McLeod, Fraser"]
[Result "0-1"]
[WhiteElo "2120"]
[BlackElo "1880"]
[PlyCount "76"]
[EventDate "2000.11.10"]
[EventType "swiss"]
[EventRounds "6"]
[EventCountry "ENG"]
[SourceTitle "BritBase"]
[Source "John Saunders"]
[SourceDate "2025.02.12"]
[SourceVersion "1"]
[SourceVersionDate "2025.02.12"]
[SourceQuality "1"]

1. e4 c5 2. Nf3 d6 3. d4 cxd4 4. Nxd4 Nf6 5. Nc3 a6 6. Bg5 e6 7. f4 Be7 8. Qf3 Qc7 9. O-O-O b5 10. e5 Bb7 11. Qh3 dxe5 12. fxe5 Ne4 13. Bxe7 Qxe7 14. Nxe4 Bxe4 15. Qg4 Qb7 16. Qxg7 Rf8 17. Be2 Nd7 18. Qg5 Qc7 19. Bf3 Bxf3 20. Nxf3 Rc8 21. Rd2 Nc5 22. Rhd1 Ne4 23. Qh5 Nxd2 24. Rxd2 Rd8 25. Rxd8+ Kxd8 26. Qxh7 Kc8 27. h4 Rd8 28. Qe4 Rd5 29. Qe2 Qd8 30. a4 Qa5 31. b3 Qc3 32. Kb1 bxa4 33. Qxa6+ Kd8 34. Qa8+ Ke7 35. Qxd5 exd5 36. bxa4 Qb4+ 37. Kc1 Qxa4 38. Kd2 Qg4 0-1

[Event "Hampshire Open"]
[Site "Eastleigh"]
[Date "2000.11.12"]
[Round "6"]
[White "Partington, Anna G"]
[Black "Wilkinson, John R"]
[Result "0-1"]
[WhiteElo "1712"]
[BlackElo "1936"]
[PlyCount "61"]
[EventDate "2000.11.10"]
[EventType "swiss"]
[EventRounds "6"]
[EventCountry "ENG"]
[SourceTitle "BritBase"]
[Source "John Saunders"]
[SourceDate "2025.02.12"]
[SourceVersion "1"]
[SourceVersionDate "2025.02.12"]
[SourceQuality "1"]

1. d4 Nf6 2. Nf3 d5 3. e3 c5 4. b3 cxd4 5. Nxd4 e5 6. Nf3 Nc6 7. Bb2 Bb4+ 8. c3 Bd6 9. Be2 O-O 10. h3 h6 11. Na3 a6 12. Nc2 Be6 13. b4 b5 14. a4 Qb6 15. axb5 axb5 16. Na3 Na7 17. Bf1 Rad8 18. g4 Rfe8 19. Nc2 Nc6 20. Be2 d4 21. exd4 exd4 22. Nfxd4 Nxd4 23. Nxd4 Bc4 24. Kf1 Bxe2+ 25. Nxe2 Bxb4 26. Qc2 Bc5 27. Ng3 Qd6 28. Bc1 Qd3+ 29. Qxd3 Rxd3 30. Ne2 Rd1+ 31. Kg2 0-1

[Event "Hampshire Open"]
[Site "Eastleigh"]
[Date "2000.11.12"]
[Round "6"]
[White "Sherwin, James T"]
[Black "Gilbert, Jessie L"]
[Result "1/2-1/2"]
[WhiteElo "2264"]
[BlackElo "1816"]
[PlyCount "70"]
[EventDate "2000.11.10"]
[EventType "swiss"]
[EventRounds "6"]
[EventCountry "ENG"]
[SourceTitle "BritBase"]
[Source "John Saunders"]
[SourceDate "2025.02.12"]
[SourceVersion "1"]
[SourceVersionDate "2025.02.12"]
[SourceQuality "1"]

1. d4 Nf6 2. c4 g6 3. Nc3 Bg7 4. Bg5 d6 5. Nf3 O-O 6. e3 c5 7. d5 a6 8. a4 Qc7 9. Be2 Bf5 10. Nd2 e5 11. O-O h6 12. Bh4 Nh7 13. h3 g5 14. Bg3 Nd7 15. Bh2 Rae8 16. f4 exf4 17. exf4 gxf4 18. Bxf4 Bg6 19. Nf3 Nhf6 20. Nh4 Ne5 21. Qd2 Kh7 22. Rae1 Re7 23. Bh2 Qd7 24. b3 Rfe8 25. Nxg6 fxg6 26. Bg3 Nf7 27. Bh4 Ne4 28. Nxe4 Rxe4 29. Bg4 Qc7 30. Be6 Rxe1 31. Rxe1 Ne5 32. Rf1 Rf8 33. Rxf8 Bxf8 34. Bf6 Bg7 35. Qf4 b6 1/2-1/2

[Event "Hampshire Open"]
[Site "Eastleigh"]
[Date "2000.11.12"]
[Round "6"]
[White "Smith, Andrew D"]
[Black "Stenhouse, Iain"]
[Result "1/2-1/2"]
[WhiteElo "1736"]
[BlackElo "1752"]
[PlyCount "29"]
[EventDate "2000.11.10"]
[EventType "swiss"]
[EventRounds "6"]
[EventCountry "ENG"]
[SourceTitle "BritBase"]
[Source "John Saunders"]
[SourceDate "2025.02.12"]
[SourceVersion "1"]
[SourceVersionDate "2025.02.12"]
[SourceQuality "1"]

1. e4 c6 2. d4 d5 3. exd5 cxd5 4. Bd3 Nf6 5. c3 Nc6 6. Bf4 e6 7. Nf3 Bd6 8. Ne5 O-O 9. O-O Ne7 10. Nd2 Ng6 11. Nxg6 hxg6 12. Bxd6 Qxd6 13. Nf3 Bd7 14. Ne5 Bc6 15. Qe2 1/2-1/2

[Event "Hampshire Open"]
[Site "Eastleigh"]
[Date "2000.11.12"]
[Round "6"]
[White "Stuart, Graham B"]
[Black "Tello, Yasser"]
[Result "0-1"]
[WhiteElo "1736"]
[BlackElo "1936"]
[PlyCount "120"]
[EventDate "2000.11.10"]
[EventType "swiss"]
[EventRounds "6"]
[EventCountry "ENG"]
[SourceTitle "BritBase"]
[Source "John Saunders"]
[SourceDate "2025.02.12"]
[SourceVersion "1"]
[SourceVersionDate "2025.02.12"]
[SourceQuality "1"]

1. e4 e6 2. d4 d5 3. Nc3 Nf6 4. e5 Nfd7 5. f4 c5 6. Nf3 Nc6 7. Be3 Qa5 8. Qd2 cxd4 9. Nxd4 Bb4 10. Nb3 Bxc3 11. Nxa5 Bxd2+ 12. Bxd2 O-O 13. Nxc6 bxc6 14. Bb4 c5 15. Ba3 f6 16. Bb5 fxe5 17. fxe5 Rf5 18. O-O-O Rxe5 19. Rhe1 c4 20. Rxe5 Nxe5 21. Bd6 a6 22. Bxa6 Rxa6 23. Bxe5 Rxa2 24. Kb1 Ra7 25. Rf1 Ba6 26. Bd6 Ra8 27. c3 Bb5 28. Rf2 h6 29. h4 Rd8 30. Be5 Be8 31. g4 Bg6+ 32. Kc1 Ra8 33. Bd6 Ra1+ 34. Kd2 Rg1 35. Rf4 Rg2+ 36. Ke3 Rxb2 37. g5 hxg5 38. hxg5 Bf5 39. Rf2 Rb1 40. Kd4 Kf7 41. Be5 Rg1 42. Bf4 Rd1+ 43. Rd2 Rf1 44. Be5 Rg1 45. Bf4 Kg6 46. Rf2 Be4 47. Be3 Rg3 48. Bd2 Bf5 49. Rh2 Rg4+ 50. Ke5 Kf7 51. Kd6 Re4 52. Kc5 Ke7 53. Rf2 Rg4 54. Rh2 Rg3 55. Rf2 Rd3 56. Re2 Kd7 57. Rf2 Kc7 58. Rh2 Kb7 59. Rf2 Ka6 60. Kb4 Kb6 {White lost} 0-1

[Event "Hampshire Open"]
[Site "Eastleigh"]
[Date "2000.11.12"]
[Round "6"]
[White "Tunks, Dominic R"]
[Black "Yeo, Michael J"]
[Result "1-0"]
[WhiteElo "2120"]
[BlackElo "2120"]
[PlyCount "103"]
[EventDate "2000.11.10"]
[EventType "swiss"]
[EventRounds "6"]
[EventCountry "ENG"]
[SourceTitle "BritBase"]
[Source "John Saunders"]
[SourceDate "2025.02.12"]
[SourceVersion "1"]
[SourceVersionDate "2025.02.12"]
[SourceQuality "1"]

1. e4 e5 2. Nf3 Nc6 3. Bb5 a6 4. Ba4 d6 5. Bxc6+ bxc6 6. d4 f6 7. h3 Ne7 8. O-O Ng6 9. Re1 Be7 10. Qd3 Be6 11. Nc3 O-O 12. b3 Kh8 13. Bb2 Qe8 14. Ne2 f5 15. dxe5 fxe4 16. Qxe4 Bd5 17. Qg4 Bxf3 18. gxf3 Nxe5 19. Bxe5 dxe5 20. Ng3 Rf4 21. Qe6 Bf6 22. Qxe8+ Rxe8 23. Re3 Rh4 24. Kh2 Bg5 25. Rd3 Kg8 26. Re1 Bf4 27. Kg2 Rh6 28. Rd7 Rg6 29. Re4 Bxg3 30. fxg3 Rd6 31. Rxd6 cxd6 32. f4 Kf7 33. fxe5 dxe5 34. Kf3 Ke6 35. Ra4 Kd5 36. Ke3 Ra8 37. c4+ Kd6 38. b4 Kc7 39. Ra5 Kd6 40. Ke4 Rb8 41. a3 Rf8 42. Rxe5 Rf1 43. Ra5 Re1+ 44. Kf4 Rf1+ 45. Kg5 Rc1 46. c5+ Kd5 47. Rxa6 Rc3 48. Kh4 h6 49. Ra7 g5+ 50. Kg4 h5+ 51. Kxg5 Rxg3+ 52. Kh4 1-0